Skills in English. (Record no. 4642)
[ view plain ]
| 000 -LEADER | |
|---|---|
| fixed length control field | 01321cam a22003855a 4500 |
| 003 - CONTROL NUMBER IDENTIFIER | |
| control field | EG-ScBUE |
| 005 - DATE AND TIME OF LATEST TRANSACTION | |
| control field | 20191223093058.0 |
| 008 - FIXED-LENGTH DATA ELEMENTS--GENERAL INFORMATION | |
| fixed length control field | 101021r20052004enka f 000 0 eng d |
| 020 ## - INTERNATIONAL STANDARD BOOK NUMBER | |
| International Standard Book Number | 1859647731 (Level 1) |
| 020 ## - INTERNATIONAL STANDARD BOOK NUMBER | |
| International Standard Book Number | 9781859647738 (Level 1) |
| 020 ## - INTERNATIONAL STANDARD BOOK NUMBER | |
| International Standard Book Number | 1859647839 (Level 2) |
| 020 ## - INTERNATIONAL STANDARD BOOK NUMBER | |
| International Standard Book Number | 9781859647837 (Level 2) |
| 020 ## - INTERNATIONAL STANDARD BOOK NUMBER | |
| International Standard Book Number | 1859647936 (Level 3) |
| 020 ## - INTERNATIONAL STANDARD BOOK NUMBER | |
| International Standard Book Number | 9781859647936 (Level 3) |
| 040 ## - CATALOGING SOURCE | |
| Original cataloging agency | EG-ScBUE |
| Language of cataloging | eng |
| Description conventions | rda |
| Transcribing agency | EG-ScBUE |
| Modifying agency | EG-ScBUE |
| 082 04 - DEWEY DECIMAL CLASSIFICATION NUMBER | |
| Classification number | 428.34 |
| Item number | PHI |
| Edition number | 22 |
| 100 1# - MAIN ENTRY--PERSONAL NAME | |
| Personal name | Phillips, Terry, |
| Dates associated with a name | 1949- |
| Relator term | author. |
| 9 (RLIN) | 3250 |
| 245 10 - TITLE STATEMENT | |
| Title | Skills in English. |
| Name of part/section of a work | Writing. |
| -- | Course book / |
| Statement of responsibility, etc | Terry phillips. |
| 246 30 - VARYING FORM OF TITLE | |
| Title proper/short title | Writing |
| 246 30 - VARYING FORM OF TITLE | |
| Title proper/short title | Course book |
| 250 ## - EDITION STATEMENT | |
| Edition statement | Second edition. |
| 250 ## - EDITION STATEMENT | |
| Edition statement | Reprint edition. |
| 264 #1 - PUBLICATION, DISTRIBUTION, ETC. (IMPRINT) | |
| Place of publication, distribution, etc | Reading, U.K. : |
| Name of publisher, distributor, etc | Garnet Education, |
| Date of publication, distribution, etc | 2005. |
| 300 ## - PHYSICAL DESCRIPTION | |
| Extent | 3 volumes : |
| Other physical details | illustrations ; |
| Dimensions | 25 cm |
| 336 ## - CONTENT TYPE | |
| Source | rdacontent |
| Content type term | text |
| Content type code | txt |
| 337 ## - MEDIA TYPE | |
| Source | rdamedia |
| Media type term | unmediated |
| Media type code | n |
| 338 ## - CARRIER TYPE | |
| Source | rdacarrier |
| Carrier type term | volume |
| Carrier type code | nc |
| 505 0# - FORMATTED CONTENTS NOTE | |
| Formatted contents note | Level 1 -- Level 2 -- Level 3. |
| 520 ## - SUMMARY, ETC. | |
| Summary, etc | Preparing students for entry into colleges and universities. |
| 650 #7 - SUBJECT ADDED ENTRY--TOPICAL TERM | |
| Topical term or geographic name as entry element | English language |
| Form subdivision | Textbooks for foreign speakers. |
| Source of heading or term | BUEsh |
| 9 (RLIN) | 20570 |
| 650 #7 - SUBJECT ADDED ENTRY--TOPICAL TERM | |
| Topical term or geographic name as entry element | English language |
| General subdivision | Spoken English. |
| Source of heading or term | BUEsh |
| 9 (RLIN) | 36034 |
| 653 ## - INDEX TERM--UNCONTROLLED | |
| Resource For college | Humanities: English |
| Arrived date list | August2015 |
| -- | January2019 |
| 655 ## - INDEX TERM--GENRE/FORM | |
| Form subdivision | Reading book |
| 942 ## - ADDED ENTRY ELEMENTS (KOHA) | |
| Source of classification or shelving scheme | Dewey Decimal Classification |
| Koha item type | Book - Borrowing |
| Withdrawn status | Lost status | Source of classification or shelving scheme | Damaged status | Not for loan | Collection code | Home library | Current library | Shelving location | Date acquired | Source of acquisition | Total Checkouts | Total Renewals | Full call number | Barcode | Date last seen | Date checked out | Koha item type | Public note | Materials specified (bound volume or other part) |
|---|---|---|---|---|---|---|---|---|---|---|---|---|---|---|---|---|---|---|---|
| Dewey Decimal Classification | Baccah | Central Library | Central Library | Second Floor | 07/09/2012 | Purchase | 2 | 3 | 428.34 PHI | 000030094 | 15/07/2025 | 17/02/2011 | Book - Borrowing | Level 1 | |||||
| Dewey Decimal Classification | Baccah | Central Library | Central Library | Second Floor | 11/10/2007 | Purchase | 1 | 1 | 428.34 PHI | 000030095 | 15/07/2025 | 21/10/2010 | Book - Borrowing | Level 3 | |||||
| Dewey Decimal Classification | Baccah | Central Library | Central Library | Second Floor | 31/10/2010 | Purchase | 428.34 PHI | 000030134 | 15/07/2025 | Book - Borrowing | Level 2 | ||||||||
| Lost | Dewey Decimal Classification | Baccah | Central Library | Central Library | Second Floor | 21/10/2010 | Purchase | 428.34 PHI | 000005467 | 21/10/2010 | Book - Borrowing | Level 1 | Lost In Inventory_2015-8-23 | ||||||
| Dewey Decimal Classification | Baccah | Central Library | Central Library | Second Floor | 21/10/2010 | Purchase | 1 | 3 | 428.34 PHI | 000030086 | 15/07/2025 | 04/12/2014 | Book - Borrowing | Level 1 | |||||
| Dewey Decimal Classification | Baccah | Central Library | Central Library | Second Floor | 21/10/2010 | Purchase | 2 | 428.34 PHI | 000030130 | 15/07/2025 | 11/02/2016 | Book - Borrowing | Level 1 | ||||||
| Dewey Decimal Classification | Baccah | Central Library | Central Library | Second Floor | 31/10/2010 | Purchase | 1 | 428.34 PHI | 000030128 | 15/07/2025 | 31/10/2010 | Book - Borrowing | Level 2 | ||||||
| Dewey Decimal Classification | Baccah | Central Library | Central Library | Second Floor | 31/10/2010 | Purchase | 428.34 PHI | 000030137 | 15/07/2025 | Book - Borrowing | Level 2 | ||||||||
| Dewey Decimal Classification | Baccah | Central Library | Central Library | Second Floor | 31/10/2010 | Purchase | 428.34 PHI | 000030136 | 15/07/2025 | Book - Borrowing | Level 2 | ||||||||
| Lost | Dewey Decimal Classification | Baccah | Central Library | Central Library | Second Floor | 31/10/2010 | Purchase | 428.34 PHI | 000005539 | 31/10/2010 | Book - Borrowing | Level 3 | Lost In Inventory_2015-8-23 |